000
00262nam a2200097Ia 4500
008
210107s9999 xx 000 0 und d
100
_a
Mahalanobis
245
4
_a
The Approach of operational research to planning in India
260
_a
Bombay
_b
Asia pub
942
_c
BK
999
_c
11635
_d
11635